Most Downloaded Geometry Dash Demons - Statistics

General Stats
  • This quiz has been taken 24 times
  • The average score is 28 of 50
Answer Stats
Creator Level % Correct
Riot & More Bloodbath
100%
Timeless Real The Lightning Road
100%
Jax The Nightmare
95%
Knobbelboy & More Bloodlust
90%
Ggboy Cataclysm
90%
Zobros Nine Circles
90%
Sunix (Cyclic) Sonic Wave
90%
IcEDCave Slaughterhouse
81%
TriAxis X
81%
M2coL Demon Park
71%
Voxicat ISpyWithMyLittleEye
71%
TrusTa (Noobas) Sakupen Hell
71%
Andromeda GMD & More The Ultimate Phase
67%
TrusTa & More Yatagarasu
67%
ZenthicAlpha & More Supersonic
62%
|||NePtunE||| Xstep V2
62%
Zobros & Etzer 8o
57%
Caustic Death Moon
57%
Rek3dge Decode
57%
TrueNature Laser Room
57%
KrmaL & More Phobos
57%
Jerry4 Platinum Adventure
57%
ZenthicAlpha Speed Racer
57%
|||NePtunE||| Theory of Everything V2
57%
WOOGI1411 Windy Landscape
57%
TheRealDarnoc yStep
57%
haoN Extinction
52%
JonathanGD Future Funk
52%
Dhafin Problematic
52%
Noobas Theory of Skrillex
52%
|||NePtunE||| Clutterfunk V2
48%
ZenthicAlpha Jawbreaker
48%
ChaSe Sidestep
48%
DavJT CraZy III
43%
|||NePtunE||| Electrodynamix V2
43%
ViPriN & More HyperSonic
43%
|||RuLas||| Ultra Paracosm
43%
Rob Buck Buck Force
38%
Mask463 Crescendo
38%
RealOggY Demon Mixed
38%
TriAxis Dear Nostalgists
33%
Experience D Moon Adventure
33%
TheRealSalad Speed of Light
33%
Jax Super Cycles
33%
MrCheeseTigrr Impulse
29%
Lyod Lights And Thunder
29%
MrPPS Freedom
24%
FunnyGame -Sirius-
19%
TheRealDarnoc Hextec Flow
10%
TheRealDarnoc Sky Realm
10%
No matching quizzes found
Score Distribution
Percent of People with Each Score
Percentile by Number Answered
Your Score History
You have not taken this quiz